Statistics for Countries Most Likely to have a Natural Disaster

Click here to take the quiz!

General Stats

  • This quiz has been taken 34 times
  • The average score is 7 of 20

Answer Stats

Hint % of Disaster Answer % Correct
#1712.99%Japan
91%
#326.70%Philippines
66%
#1812.53%Vietnam
50%
#1016.43%Papua New Guinea
50%
#1613.15%Fiji
47%
#136.28%Vanuatu
41%
#619.14%Solomon Islands
41%
#519.17%Bangladesh
38%
#229.33%Tonga
38%
#1215.69%Timor-Leste
31%
#916.58%Cambodia
28%
#2011.83%Jamaica
25%
#7(tie)17.00%Brunei
25%
#419.88%Guatemala
25%
#1414.62%Nicaragua
22%
#1116.05%El Salvador
22%
#1315.53%Mauritius
16%
#7(tie)17.00%Costa Rica
16%
#1513.56%Guinea-Bissau
0%
#1912.07%Gambia
0%

Score Distribution

Percentile by Number Answered

Percent of People with Each Score

Your Score History

You have not taken this quiz